000 00519cam a2200145 4500500
005 20251228090828.0
041 _afre
042 _adc
100 1 0 _aLeplay, Michel
_eauthor
245 0 0 _aEntretiens et Correspondances ou « à deux on peut causer »
260 _c2018.
500 _a65
786 0 _nBulletin de l’Amitié Charles Péguy | 161 | 1 | 2018-04-20 | p. 56-62 | 0180-8567
856 4 1 _uhttps://shs.cairn.info/revue-bulletin-de-lamitie-charles-peguy-2018-1-page-56?lang=fr&redirect-ssocas=7080
999 _c1602762
_d1602762